Countries with Train Ferries - Statistics

General Stats
  • This quiz has been taken 49 times
  • The average score is 12 of 20
Answer Stats
Answer % Correct
China
93%
Russia
93%
United States
93%
Canada
83%
Germany
80%
Italy
78%
Sweden
78%
Turkey
78%
Mexico
70%
Ukraine
70%
New Zealand
65%
Bulgaria
50%
Peru
46%
Azerbaijan
43%
Turkmenistan
37%
Bolivia
35%
Georgia
33%
Kenya
33%
Uganda
30%
Tanzania
28%
No matching quizzes found
Score Distribution
Percent of People with Each Score
Percentile by Number Answered
Your Score History
You have not taken this quiz